Statistics for Countries First Alphabetically By Letter

Click here to take the quiz!

General Stats

  • This quiz has been taken 61 times
    (29 since last reset)
  • The average score is 16 of 24

Answer Stats

LetterCountry% Correct
AAfghanistan
88%
CCambodia
79%
OOman
79%
QQatar
79%
YYemen
79%
BBahamas
75%
KKazakhstan
75%
ZZambia
75%
HHaiti
71%
JJamaica
71%
NNamibia
71%
VVanuatu
71%
LLaos
67%
MMacedonia
67%
DDemocratic Republic of the Congo
63%
IIceland
63%
PPakistan
63%
UUganda
63%
EEast Timor
58%
GGabon
58%
FFederated States of Micronesia
54%
RRepublic of the Congo
54%
TTaiwan
54%
SSaint Kitts and Nevis
50%

Score Distribution

Percentile by Number Answered

Percent of People with Each Score

Your Score History

You have not taken this quiz since the last reset